=LDR 00000nam 2200000 4500 =001 INLIS000000000028549 =005 20130612130839 =008 ***********************************Ind** =035 ##$$0010-061300000028549 =041 ##$$a Ind =082 ##$$a 813 =090 ##$$a 813, Riz b =100 ##$$a Rizqy, Farrel Muhammad =245 ##$$a Basahi jiwaku sirami hatiku, sebuah renungan lagu, Farrel Muhammad Rizqy =260 ##$$a 2006 $b Jakarta =300 ##$$a xvii, 153 hlm, ilus, 20 cm =650 ##$$a Fiksi Indonesia =850 ##$$a NBPNMAT